| 000 | 00852nam a2200217 i 4500 | ||
|---|---|---|---|
| 001 | 84237 | ||
| 003 | ES-MaACL | ||
| 005 | 20231221200807.0 | ||
| 007 | t| | ||
| 008 | 041122s1935 sp ||||1| spa d | ||
| 100 | 1 |
_aIzquierdo Ortega, J. _965740 |
|
| 245 | 1 | 0 |
_aFilosofía española _b: (tres ensayos) : Ortega y Gasset o la vida ; Turró o la ciencia ; Unamuno o la religión / _cJ. Izquierdo Ortega ; prólogo de Luis de Araquistáin. |
| 260 |
_aMadrid : _bArgos, _c[1935] ( _fImp. Graphia) |
||
| 300 |
_a211 p. ; _c18 cm. |
||
| 600 | 1 | 4 |
_aOrtega y Gasset, José, _d1883-1955- _xCrítica e interpretación _987505 |
| 600 | 1 | 7 |
_aTurró, Ramón, _d1854-1926 _2embne _9111758 |
| 600 | 1 | 7 |
_aUnamuno, Miguel de, _d1864-1936- _xReligión _2 _9165170 |
| 700 | 1 |
_aAraquistáin, Luis, _d1886-1959 _922345 |
|
| 852 |
_aES-MaACL _jB-9735 |
||
| 999 |
_c84237 _d84237 |
||